[Event "Entre Amigos"]
[Site "http://www.queenalice.com/game.php?id=1789103"]
[Date "2022.5.17"]
[Round "-"]
[White "ArteDaGuerra"]
[Black "dimitridruloza2012"]
[Result "0-1"]
[WhiteElo "1228"]
[BlackElo "1783"]

1. e4 e5 2. Be2 a6 3. Nh3 Nf6 4. f3 d6 5. O-O Bxh3 6. gxh3 Nh5 7. d3 Nf4 8. c4
Nxh3+ 9. Kg2 Qh4 10. Nc3 Nc6 11. a3 Nd4 12. Nd5 O-O-O 13. Be3 c6 14. Nb4 g5 15.
Bf2 Qh6 16. Rc1 Nxe2 17. Qxe2 Nf4+ 18. Kh1 Nxe2 19. Rc2 Nf4 20. a4 Qh3 21. Kg1
Qg2# 0-1